[Event "DVM U12 2022"]
[Site "München GER"]
[Date "2022.12.27"]
[Round "1"]
[White "Krishnan, Vihaan"]
[Black "Büchel, David"]
[Result "0-1"]
[Termination "normal"]
[Board "4.2"]
[WhiteElo "1519"]
[BlackElo "1611"]
[WhiteClock "00:03:01"]
[BlackClock "00:02:57"]
[WhiteTeam "SC Kirchheim/Teck"]
[BlackTeam "SF München"]
[PlyCount "81"]
[WhiteFideId "34633910"]
[BlackFideId "34603689"]
[EventCountry "GER"]
[EventRounds "7"]
[EventType "team-swiss"]
[EventDate "2022.12.26"]

1. e4 {[%clk 01:30:58]} {[%emt 00:00:01]} c5 {[%clk 01:30:54]} {[%emt
00:00:07]} 2. Nf3 {[%clk 01:31:23]} {[%emt 00:00:05]} d6 {[%clk 01:31:21]}
{[%emt 00:00:03]} 3. d4 {[%clk 01:31:46]} {[%emt 00:00:07]} cxd4 {[%clk
01:31:45]} {[%emt 00:00:06]} 4. Nxd4 {[%clk 01:32:10]} {[%emt 00:00:06]} Nf6
{[%clk 01:31:54]} {[%emt 00:00:21]} 5. Nc3 {[%clk 01:32:33]} {[%emt 00:00:06]}
g6 {[%clk 01:32:19]} {[%emt 00:00:05]} 6. Be2 {[%clk 01:32:14]} {[%emt
00:00:49]} Bg7 {[%clk 01:32:41]} {[%emt 00:00:08]} 7. Be3 {[%clk 01:32:35]}
{[%emt 00:00:09]} O-O {[%clk 01:32:56]} {[%emt 00:00:16]} 8. Qd2 {[%clk
01:31:40]} {[%emt 00:01:26]} Re8 {[%clk 01:30:37]} {[%emt 00:02:49]} 9. Bh6
{[%clk 01:18:43]} {[%emt 00:13:26]} Bh8 {[%clk 01:29:30]} {[%emt 00:01:37]} 10.
O-O-O {[%clk 00:59:39]} {[%emt 00:19:35]} Nc6 {[%clk 01:28:05]} {[%emt
00:01:54]} 11. Nf5 {[%clk 00:29:20]} {[%emt 00:30:49]} Qb6 {[%clk 01:19:57]}
{[%emt 00:08:37]} 12. Be3 {[%clk 00:25:09]} {[%emt 00:04:42]} Qb4 {[%clk
01:08:15]} {[%emt 00:12:10]} 13. Nh6 {[%clk 00:23:32]} {[%emt 00:02:08]} Kf8
{[%clk 01:07:06]} {[%emt 00:01:41]} 14. a3 {[%clk 00:21:39]} {[%emt 00:02:23]}
Qa5 {[%clk 00:59:47]} {[%emt 00:07:48]} 15. Bc4 {[%clk 00:17:50]} {[%emt
00:04:19]} Ne5 {[%clk 00:50:20]} {[%emt 00:09:56]} 16. Bb3 {[%clk 00:15:56]}
{[%emt 00:02:26]} b5 {[%clk 00:48:32]} {[%emt 00:02:18]} 17. f3 {[%clk
00:13:39]} {[%emt 00:02:47]} Nc4 {[%clk 00:42:13]} {[%emt 00:06:49]} 18. Qf2
{[%clk 00:07:58]} {[%emt 00:06:10]} Bg7 {[%clk 00:24:30]} {[%emt 00:18:13]} 19.
Bxc4 {[%clk 00:07:15]} {[%emt 00:01:13]} bxc4 {[%clk 00:23:33]} {[%emt
00:01:27]} 20. Nd5 {[%clk 00:06:00]} {[%emt 00:01:45]} Rb8 {[%clk 00:14:32]}
{[%emt 00:09:31]} 21. Qd2 {[%clk 00:06:23]} {[%emt 00:00:06]} Qxd2 {[%clk
00:11:10]} {[%emt 00:03:53]} 22. Rxd2 {[%clk 00:06:43]} {[%emt 00:00:10]} Nxd5
{[%clk 00:11:20]} {[%emt 00:00:20]} 23. Rxd5 {[%clk 00:06:13]} {[%emt
00:00:59]} Bxb2 {[%clk 00:10:51]} {[%emt 00:00:59]} 24. Kd2 {[%clk 00:06:31]}
{[%emt 00:00:10]} Bxa3 {[%clk 00:09:09]} {[%emt 00:02:14]} 25. Bxa7 {[%clk
00:06:52]} {[%emt 00:00:09]} Ra8 {[%clk 00:08:54]} {[%emt 00:00:46]} 26. Be3
{[%clk 00:05:50]} {[%emt 00:01:20]} Bb4 {[%clk 00:09:14]} {[%emt 00:00:21]} 27.
Ke2 {[%clk 00:06:07]} {[%emt 00:00:12]} Ra2 {[%clk 00:09:12]} {[%emt 00:00:32]}
28. Rc1 {[%clk 00:06:02]} {[%emt 00:00:33]} Bd7 {[%clk 00:07:54]} {[%emt
00:01:48]} 29. Kd1 {[%clk 00:04:10]} {[%emt 00:02:23]} Rb8 {[%clk 00:07:22]}
{[%emt 00:01:01]} 30. Ke2 {[%clk 00:02:23]} {[%emt 00:02:19]} Ba4 {[%clk
00:06:14]} {[%emt 00:01:36]} 31. Kf2 {[%clk 00:02:19]} {[%emt 00:00:36]} Rxc2
{[%clk 00:05:30]} {[%emt 00:01:14]} 32. Rxc2 {[%clk 00:02:43]} {[%emt
00:00:06]} Bxc2 {[%clk 00:05:52]} {[%emt 00:00:08]} 33. Ng4 {[%clk 00:02:24]}
{[%emt 00:00:46]} h5 {[%clk 00:05:25]} {[%emt 00:01:01]} 34. Bh6 {[%clk
00:02:27]} {[%emt 00:00:26]} Ke8 {[%clk 00:05:11]} {[%emt 00:00:44]} 35. Ne3
{[%clk 00:02:38]} {[%emt 00:00:19]} Bb3 {[%clk 00:05:01]} {[%emt 00:00:40]} 36.
g4 {[%clk 00:02:24]} {[%emt 00:00:45]} c3 {[%clk 00:03:54]} {[%emt 00:01:37]}
37. Rg5 {[%clk 00:02:27]} {[%emt 00:00:20]} hxg4 {[%clk 00:03:04]} {[%emt
00:01:26]} 38. Nxg4 {[%clk 00:02:50]} {[%emt 00:00:07]} c2 {[%clk 00:02:50]}
{[%emt 00:00:45]} 39. Nf6 {[%clk 00:02:47]} {[%emt 00:00:33]} exf6 {[%clk
00:02:58]} {[%emt 00:00:23]} 40. Rg2 {[%clk 00:03:01]} {[%emt 00:00:14]} g5
{[%clk 00:02:57]} {[%emt 00:00:31]} 41. Ke1 {[%emt 00:01:07]} 0-1

[Event "DVM U12 2022"]
[Site "München GER"]
[Date "2022.12.27"]
[Round "1"]
[White "Merenda, Lukas-Benedikt"]
[Black "Miede, Arthur"]
[Result "1-0"]
[Termination "normal"]
[Board "4.3"]
[WhiteElo "1502"]
[BlackElo "1208"]
[WhiteClock "00:42:43"]
[BlackClock "00:43:01"]
[WhiteTeam "SF München"]
[BlackTeam "SC Kirchheim/Teck"]
[PlyCount "77"]
[WhiteFideId "34603336"]
[BlackFideId "34640495"]
[EventCountry "GER"]
[EventRounds "7"]
[EventType "team-swiss"]
[EventDate "2022.12.26"]

1. e4 {[%clk 01:30:59]} {[%emt 00:00:01]} e5 {[%clk 01:30:48]} {[%emt
00:00:12]} 2. Bc4 {[%clk 01:31:26]} {[%emt 00:00:03]} Nc6 {[%clk 01:30:42]}
{[%emt 00:00:35]} 3. Nc3 {[%clk 01:31:52]} {[%emt 00:00:04]} Bc5 {[%clk
01:30:27]} {[%emt 00:00:45]} 4. Qg4 {[%clk 01:32:12]} {[%emt 00:00:11]} g6
{[%clk 01:25:43]} {[%emt 00:05:14]} 5. Qf3 {[%clk 01:32:31]} {[%emt 00:00:11]}
Nf6 {[%clk 01:24:18]} {[%emt 00:01:54]} 6. Nge2 {[%clk 01:32:51]} {[%emt
00:00:10]} d6 {[%clk 01:24:02]} {[%emt 00:00:47]} 7. h3 {[%clk 01:32:33]}
{[%emt 00:00:47]} Be6 {[%clk 01:23:19]} {[%emt 00:01:13]} 8. Nd5 {[%clk
01:30:44]} {[%emt 00:02:19]} Bxd5 {[%clk 01:22:16]} {[%emt 00:01:33]} 9. exd5
{[%clk 01:29:24]} {[%emt 00:01:50]} Nd4 {[%clk 01:20:10]} {[%emt 00:02:35]} 10.
Nxd4 {[%clk 01:29:23]} {[%emt 00:00:33]} Bxd4 {[%clk 01:20:18]} {[%emt
00:00:22]} 11. d3 {[%clk 01:29:01]} {[%emt 00:00:51]} Nd7 {[%clk 01:19:32]}
{[%emt 00:01:15]} 12. c3 {[%clk 01:27:38]} {[%emt 00:01:55]} Bb6 {[%clk
01:19:20]} {[%emt 00:00:42]} 13. Bh6 {[%emt 00:01:55]} Rg8 {[%clk 01:17:30]}
{[%emt 00:01:29]} 14. h4 {[%clk 01:25:44]} {[%emt 00:01:51]} f6 {[%clk
01:17:00]} {[%emt 00:01:00]} 15. O-O-O {[%clk 01:25:16]} {[%emt 00:00:58]} Qe7
{[%clk 01:16:15]} {[%emt 00:01:15]} 16. Qe2 {[%clk 01:22:02]} {[%emt 00:03:44]}
O-O-O {[%clk 01:12:56]} {[%emt 00:03:48]} 17. Be3 {[%clk 01:19:39]} {[%emt
00:02:53]} f5 {[%clk 01:12:07]} {[%emt 00:01:19]} 18. Bg5 {[%clk 01:15:53]}
{[%emt 00:04:16]} Nf6 {[%clk 01:11:20]} {[%emt 00:01:18]} 19. d4 {[%clk
01:15:14]} {[%emt 00:01:09]} Rgf8 {[%clk 01:09:13]} {[%emt 00:02:36]} 20. dxe5
{[%clk 01:08:38]} {[%emt 00:07:06]} Qxe5 {[%clk 01:08:29]} {[%emt 00:01:15]}
21. Qxe5 {[%clk 01:08:13]} {[%emt 00:00:54]} dxe5 {[%clk 01:08:33]} {[%emt
00:00:26]} 22. Bh6 {[%clk 01:07:51]} {[%emt 00:00:53]} Rfe8 {[%clk 01:07:53]}
{[%emt 00:01:09]} 23. f3 {[%clk 01:05:41]} {[%emt 00:02:40]} Rd6 {[%clk
01:05:29]} {[%emt 00:02:53]} 24. Bb5 {[%clk 01:02:56]} {[%emt 00:03:17]} Red8
{[%clk 01:03:09]} {[%emt 00:02:49]} 25. c4 {[%clk 01:02:57]} {[%emt 00:00:29]}
a6 {[%clk 01:02:36]} {[%emt 00:01:03]} 26. Ba4 {[%clk 01:03:02]} {[%emt
00:00:26]} Bd4 {[%clk 01:00:22]} {[%emt 00:02:43]} 27. Bc2 {[%clk 01:02:33]}
{[%emt 00:00:59]} Rb6 {[%clk 00:58:33]} {[%emt 00:02:19]} 28. b3 {[%clk
01:01:20]} {[%emt 00:01:44]} Nh5 {[%clk 00:57:32]} {[%emt 00:01:30]} 29. Bg5
{[%clk 00:54:15]} {[%emt 00:07:33]} Re8 {[%clk 00:56:52]} {[%emt 00:01:11]} 30.
Rhe1 {[%clk 00:52:49]} {[%emt 00:01:56]} Ng3 {[%clk 00:55:58]} {[%emt
00:01:24]} 31. Rxd4 {[%clk 00:52:18]} {[%emt 00:01:02]} Kd7 {[%clk 00:53:34]}
{[%emt 00:02:54]} 32. Rd2 {[%clk 00:50:39]} {[%emt 00:02:08]} a5 {[%clk
00:51:32]} {[%emt 00:02:33]} 33. Be3 {[%clk 00:50:11]} {[%emt 00:00:58]} Rf6
{[%clk 00:50:47]} {[%emt 00:01:14]} 34. Bf2 {[%clk 00:48:50]} {[%emt 00:01:52]}
Nh5 {[%clk 00:49:53]} {[%emt 00:01:24]} 35. b4 {[%clk 00:45:38]} {[%emt
00:03:43]} Re7 {[%clk 00:48:06]} {[%emt 00:02:14]} 36. Bc5 {[%clk 00:45:25]}
{[%emt 00:00:45]} Ref7 {[%clk 00:47:06]} {[%emt 00:01:30]} 37. Rxe5 {[%clk
00:44:14]} {[%emt 00:01:41]} Ng7 {[%clk 00:45:14]} {[%emt 00:02:21]} 38. Rde2
{[%clk 00:43:05]} {[%emt 00:01:39]} Rd6 {[%clk 00:43:01]} {[%emt 00:02:43]} 39.
Ba4 {[%clk 00:42:43]} {[%emt 00:00:52]} 1-0

[Event "DVM U12 2022"]
[Site "München GER"]
[Date "2022.12.27"]
[Round "1"]
[White "Miede, Armin"]
[Black "Kaushal, Vedarth"]
[Result "1-0"]
[Termination "normal"]
[Board "4.4"]
[WhiteElo "1079"]
[BlackElo "1139"]
[WhiteClock "00:58:57"]
[BlackClock "00:26:40"]
[WhiteTeam "SC Kirchheim/Teck"]
[BlackTeam "SF München"]
[PlyCount "81"]
[WhiteFideId "34640487"]
[BlackFideId "34631135"]
[EventCountry "GER"]
[EventRounds "7"]
[EventType "team-swiss"]
[EventDate "2022.12.26"]

1. e4 {[%clk 01:30:58]} e5 {[%clk 01:30:54]} {[%emt 00:00:07]} 2. Nf3 {[%clk
01:31:19]} {[%emt 00:00:09]} Nc6 {[%clk 01:31:17]} {[%emt 00:00:08]} 3. Bc4
{[%clk 01:31:41]} {[%emt 00:00:07]} Bc5 {[%clk 01:31:40]} {[%emt 00:00:07]} 4.
c3 {[%clk 01:31:57]} {[%emt 00:00:14]} Nf6 {[%clk 01:32:02]} {[%emt 00:00:09]}
5. d3 {[%clk 01:32:01]} {[%emt 00:00:26]} h6 {[%clk 01:32:24]} {[%emt
00:00:08]} 6. h3 {[%clk 01:31:30]} {[%emt 00:01:01]} d6 {[%clk 01:32:40]}
{[%emt 00:00:13]} 7. Bb3 {[%clk 01:31:46]} {[%emt 00:00:14]} O-O {[%clk
01:31:22]} {[%emt 00:01:48]} 8. Nbd2 {[%clk 01:31:44]} {[%emt 00:00:33]} Re8
{[%clk 01:30:35]} {[%emt 00:01:17]} 9. g4 {[%clk 01:30:54]} {[%emt 00:01:21]}
d5 {[%clk 01:30:44]} {[%emt 00:00:20]} 10. exd5 {[%emt 00:00:47]} Nxd5 {[%emt
00:00:42]} 11. Ne4 {[%clk 01:28:44]} {[%emt 00:01:11]} Bb6 {[%clk 01:29:08]}
{[%emt 00:02:06]} 12. g5 {[%clk 01:27:47]} {[%emt 00:01:27]} hxg5 {[%clk
01:27:23]} {[%emt 00:02:15]} 13. Bxg5 {[%clk 01:27:42]} {[%emt 00:00:36]} f6
{[%clk 01:27:12]} {[%emt 00:00:40]} 14. Bh4 {[%clk 01:27:21]} {[%emt 00:00:51]}
Be6 {[%clk 01:26:21]} {[%emt 00:01:21]} 15. Rg1 {[%clk 01:26:07]} {[%emt
00:01:44]} Kf8 {[%clk 01:23:47]} {[%emt 00:03:04]} 16. Qd2 {[%clk 01:24:49]}
{[%emt 00:01:48]} Nf4 {[%clk 01:23:25]} {[%emt 00:00:52]} 17. Bxe6 {[%clk
01:23:35]} {[%emt 00:01:45]} Rxe6 {[%clk 01:23:10]} {[%emt 00:00:44]} 18. O-O-O
{[%clk 01:22:10]} {[%emt 00:01:54]} Nxh3 {[%emt 00:08:16]} 19. Rg3 {[%clk
01:21:27]} {[%emt 00:01:08]} Nf4 {[%clk 01:12:08]} {[%emt 00:03:52]} 20. Rdg1
{[%clk 01:20:31]} {[%emt 00:01:25]} Nxd3 {[%clk 00:52:20]} {[%emt 00:20:19]}
21. Kc2 {[%clk 01:18:50]} {[%emt 00:02:11]} Nxf2 {[%clk 00:52:03]} {[%emt
00:00:46]} 22. Rxg7 {[%clk 01:06:45]} {[%emt 00:12:36]} Qxd2 {[%clk 00:43:10]}
{[%emt 00:09:22]} 23. Nexd2 {[%clk 01:06:45]} {[%emt 00:00:31]} Rd8 {[%clk
00:38:42]} {[%emt 00:04:57]} 24. Rg8 {[%clk 01:05:22]} {[%emt 00:01:54]} Ke7
{[%clk 00:38:55]} {[%emt 00:00:17]} 25. R1g7 {[%clk 01:05:34]} {[%emt
00:00:17]} Kd6 {[%clk 00:39:01]} {[%emt 00:00:24]} 26. Rxd8 {[%clk 01:05:52]}
{[%emt 00:00:12]} Nxd8 {[%clk 00:39:05]} {[%emt 00:00:25]} 27. Nc4 {[%clk
01:05:35]} {[%emt 00:00:48]} Kc6 {[%clk 00:36:37]} {[%emt 00:02:57]} 28. Nxb6
{[%clk 01:05:34]} {[%emt 00:00:32]} axb6 {[%clk 00:36:19]} {[%emt 00:00:48]}
29. Bxf2 {[%clk 01:05:51]} {[%emt 00:00:13]} e4 {[%clk 00:35:02]} {[%emt
00:01:48]} 30. Nd4 {[%clk 01:06:09]} {[%emt 00:00:12]} Kd6 {[%clk 00:34:27]}
{[%emt 00:00:57]} 31. Nxe6 {[%clk 01:05:46]} {[%emt 00:01:01]} Nxe6 {[%clk
00:34:40]} {[%emt 00:00:17]} 32. Rg6 {[%clk 01:05:13]} {[%emt 00:01:02]} f5
{[%clk 00:34:29]} {[%emt 00:00:42]} 33. Kd2 {[%clk 01:03:40]} {[%emt 00:02:03]}
Kd5 {[%clk 00:32:52]} {[%emt 00:02:07]} 34. Ke3 {[%clk 01:02:08]} {[%emt
00:02:02]} b5 {[%clk 00:31:48]} {[%emt 00:01:33]} 35. Bg3 {[%clk 01:01:34]}
{[%emt 00:01:06]} c6 {[%clk 00:29:59]} {[%emt 00:02:18]} 36. Rf6 {[%clk
01:00:42]} {[%emt 00:01:22]} Ng7 {[%clk 00:29:34]} {[%emt 00:00:55]} 37. Rf7
{[%clk 00:59:39]} {[%emt 00:01:33]} Nh5 {[%clk 00:29:34]} {[%emt 00:00:30]} 38.
Bf4 {[%clk 00:59:45]} {[%emt 00:00:24]} Ke6 {[%clk 00:27:25]} {[%emt 00:02:39]}
39. Rxb7 {[%clk 00:59:44]} {[%emt 00:00:31]} Nf6 {[%clk 00:27:21]} {[%emt
00:00:34]} 40. Bg5 {[%clk 00:58:42]} {[%emt 00:01:32]} Nh7 {[%clk 00:26:40]}
{[%emt 00:01:11]} 41. Rxh7 {[%clk 00:58:57]} {[%emt 00:00:15]} 1-0

[Event "DVM U12 2022"]
[Site "München GER"]
[Date "2022.12.27"]
[Round "1"]
[White "Nguyen, Thanh An"]
[Black "Rodriguez Klasen, Ennio"]
[Result "1/2-1/2"]
[Termination "normal"]
[Board "5.1"]
[WhiteElo "1219"]
[BlackElo "1365"]
[WhiteClock "01:10:06"]
[BlackClock "00:23:12"]
[WhiteTeam "SV Dresden-Striesen 1990"]
[BlackTeam "SV Empor Berlin"]
[PlyCount "47"]
[WhiteFideId "34627804"]
[BlackFideId "16277414"]
[EventCountry "GER"]
[EventRounds "7"]
[EventType "team-swiss"]
[EventDate "2022.12.26"]

1. d4 {[%clk 01:30:58]} {[%emt 00:00:02]} Nf6 {[%clk 01:30:54]} {[%emt
00:00:07]} 2. c4 {[%clk 01:31:23]} {[%emt 00:00:05]} c5 {[%clk 01:31:19]}
{[%emt 00:00:05]} 3. d5 {[%clk 01:31:48]} {[%emt 00:00:05]} b5 {[%clk
01:31:44]} {[%emt 00:00:05]} 4. cxb5 {[%emt 00:00:15]} a6 {[%clk 01:32:05]}
{[%emt 00:00:07]} 5. e3 {[%clk 01:32:26]} {[%emt 00:00:08]} Qb6 {[%clk
01:26:20]} {[%emt 00:06:15]} 6. Na3 {[%clk 01:30:50]} {[%emt 00:02:07]} axb5
{[%clk 01:23:27]} {[%emt 00:03:23]} 7. Bxb5 {[%clk 01:29:41]} {[%emt 00:01:39]}
Bb7 {[%clk 01:20:27]} {[%emt 00:03:29]} 8. Bc4 {[%clk 01:28:23]} {[%emt
00:01:49]} g6 {[%clk 01:17:56]} {[%emt 00:03:02]} 9. Ne2 {[%clk 01:25:43]}
{[%emt 00:03:09]} d6 {[%clk 01:16:48]} {[%emt 00:01:37]} 10. Bd2 {[%clk
01:23:56]} {[%emt 00:02:17]} Bg7 {[%clk 01:16:37]} {[%emt 00:00:42]} 11. Nc3
{[%clk 01:21:50]} {[%emt 00:02:36]} O-O {[%clk 01:16:15]} {[%emt 00:00:51]} 12.
O-O {[%clk 01:21:20]} {[%emt 00:01:01]} Ba6 {[%clk 01:10:40]} {[%emt 00:06:05]}
13. Qc2 {[%clk 01:19:52]} {[%emt 00:01:50]} Bxc4 {[%clk 01:05:25]} {[%emt
00:05:52]} 14. Nxc4 {[%clk 01:20:15]} {[%emt 00:00:07]} Qc7 {[%clk 01:02:18]}
{[%emt 00:03:37]} 15. e4 {[%clk 01:18:40]} {[%emt 00:02:05]} Nbd7 {[%clk
01:01:11]} {[%emt 00:01:38]} 16. Nb5 {[%clk 01:17:59]} {[%emt 00:01:11]} Qb7
{[%clk 00:58:14]} {[%emt 00:03:24]} 17. a4 {[%clk 01:18:00]} {[%emt 00:00:31]}
Nb6 {[%clk 00:57:14]} {[%emt 00:01:31]} 18. Nxb6 {[%clk 01:17:26]} {[%emt
00:01:04]} Qxb6 {[%clk 00:57:27]} {[%emt 00:00:17]} 19. Ra3 {[%clk 01:16:58]}
{[%emt 00:00:58]} Rfb8 {[%clk 00:54:45]} {[%emt 00:03:12]} 20. b3 {[%clk
01:16:49]} {[%emt 00:00:39]} Qd8 {[%clk 00:32:32]} {[%emt 00:22:41]} 21. Nc3
{[%clk 01:14:38]} {[%emt 00:02:42]} Qb6 {[%clk 00:25:40]} {[%emt 00:07:22]} 22.
Re1 {[%clk 01:14:19]} {[%emt 00:00:49]} Nd7 {[%clk 00:24:54]} {[%emt 00:01:16]}
23. a5 {[%clk 01:13:52]} {[%emt 00:00:57]} Qa6 {[%clk 00:23:12]} {[%emt
00:02:12]} 24. Nd1 {[%clk 01:10:06]} {[%emt 00:04:17]} 1/2-1/2

[Event "DVM U12 2022"]
[Site "München GER"]
[Date "2022.12.27"]
[Round "1"]
[White "Müller, Anker"]
[Black "Xu, Wanghan"]
[Result "1-0"]
[Termination "normal"]
[Board "5.2"]
[WhiteElo "1509"]
[BlackElo "1275"]
[WhiteClock "00:16:59"]
[BlackClock "00:26:08"]
[WhiteTeam "SV Empor Berlin"]
[BlackTeam "SV Dresden-Striesen 1990"]
[PlyCount "89"]
[WhiteFideId "1472070"]
[BlackFideId "34608745"]
[EventCountry "GER"]
[EventRounds "7"]
[EventType "team-swiss"]
[EventDate "2022.12.26"]

1. e4 {[%clk 01:30:58]} {[%emt 00:00:01]} e5 {[%clk 01:30:55]} {[%emt
00:00:06]} 2. d4 {[%clk 01:31:25]} {[%emt 00:00:04]} exd4 {[%clk 01:31:18]}
{[%emt 00:00:06]} 3. Qxd4 {[%clk 01:31:52]} {[%emt 00:00:02]} Nc6 {[%clk
01:31:36]} {[%emt 00:00:13]} 4. Qe3 {[%clk 01:32:20]} {[%emt 00:00:01]} d6
{[%clk 01:31:06]} {[%emt 00:01:00]} 5. Nc3 {[%clk 01:32:42]} {[%emt 00:00:08]}
Be6 {[%clk 01:30:34]} {[%emt 00:01:03]} 6. Bd2 {[%clk 01:32:29]} {[%emt
00:00:43]} Nf6 {[%clk 01:29:53]} {[%emt 00:01:11]} 7. O-O-O {[%clk 01:30:47]}
{[%emt 00:02:11]} g6 {[%clk 01:29:36]} {[%emt 00:00:47]} 8. h3 {[%clk
01:30:29]} {[%emt 00:00:49]} Bg7 {[%clk 01:29:54]} {[%emt 00:00:12]} 9. f4
{[%clk 01:29:37]} {[%emt 00:01:21]} Qe7 {[%clk 01:29:08]} {[%emt 00:01:17]} 10.
Bb5 {[%clk 01:27:09]} {[%emt 00:02:57]} Bd7 {[%clk 01:26:06]} {[%emt 00:03:33]}
11. g4 {[%clk 01:24:05]} {[%emt 00:03:34]} a6 {[%clk 01:25:28]} {[%emt
00:01:08]} 12. Ba4 {[%clk 01:22:54]} {[%emt 00:01:41]} O-O-O {[%clk 01:23:04]}
{[%emt 00:02:53]} 13. Nf3 {[%clk 01:19:35]} {[%emt 00:03:49]} Kb8 {[%clk
01:20:21]} {[%emt 00:03:13]} 14. Rde1 {[%clk 01:16:34]} {[%emt 00:03:30]} Rhe8
{[%clk 01:16:31]} {[%emt 00:04:21]} 15. Rhf1 {[%clk 01:16:05]} {[%emt
00:00:58]} Qf8 {[%clk 01:16:29]} {[%emt 00:00:34]} 16. Qf2 {[%clk 01:14:02]}
{[%emt 00:02:32]} h5 {[%clk 01:14:52]} {[%emt 00:02:07]} 17. g5 {[%clk
01:13:58]} {[%emt 00:00:34]} Ng8 {[%clk 01:14:37]} {[%emt 00:00:45]} 18. h4
{[%clk 01:12:08]} {[%emt 00:02:20]} Nge7 {[%clk 01:11:44]} {[%emt 00:03:22]}
19. Ng1 {[%clk 01:06:14]} {[%emt 00:06:24]} f5 {[%clk 01:09:18]} {[%emt
00:02:57]} 20. gxf6 {[%clk 01:03:48]} {[%emt 00:02:55]} Qxf6 {[%clk 01:09:06]}
{[%emt 00:00:43]} 21. Nf3 {[%clk 01:01:27]} {[%emt 00:02:50]} Bh6 {[%clk
01:07:20]} {[%emt 00:02:15]} 22. e5 {[%clk 00:58:35]} {[%emt 00:03:24]} dxe5
{[%clk 01:06:17]} {[%emt 00:01:34]} 23. fxe5 {[%clk 00:58:36]} {[%emt
00:00:29]} Bxd2 {[%clk 01:06:35]} {[%emt 00:00:11]} 24. Qxd2 {[%clk 00:58:10]}
{[%emt 00:00:55]} Qg7 {[%clk 01:05:41]} {[%emt 00:01:24]} 25. Qg2 {[%clk
00:54:03]} {[%emt 00:04:37]} Nf5 {[%clk 00:59:02]} {[%emt 00:07:11]} 26. Rg1
{[%clk 00:52:28]} {[%emt 00:02:05]} Nce7 {[%clk 00:56:44]} {[%emt 00:02:47]}
27. Bxd7 {[%clk 00:49:35]} {[%emt 00:03:24]} Rxd7 {[%clk 00:57:04]} {[%emt
00:00:11]} 28. Ne4 {[%clk 00:47:59]} {[%emt 00:02:06]} Rdd8 {[%clk 00:55:01]}
{[%emt 00:02:31]} 29. Nf6 {[%clk 00:47:47]} {[%emt 00:00:42]} Rh8 {[%clk
00:53:22]} {[%emt 00:02:08]} 30. Qh2 {[%clk 00:44:02]} {[%emt 00:04:15]} Nd5
{[%clk 00:50:13]} {[%emt 00:03:39]} 31. Nxd5 {[%clk 00:42:45]} {[%emt
00:01:49]} Rxd5 {[%clk 00:50:31]} {[%emt 00:00:12]} 32. Qg2 {[%clk 00:33:06]}
{[%emt 00:10:07]} Rg8 {[%clk 00:48:52]} {[%emt 00:02:11]} 33. e6 {[%clk
00:30:25]} {[%emt 00:03:11]} Rb5 {[%clk 00:45:26]} {[%emt 00:03:50]} 34. c3
{[%clk 00:29:27]} {[%emt 00:01:34]} Qe7 {[%clk 00:45:24]} {[%emt 00:00:28]} 35.
Qg5 {[%clk 00:28:32]} {[%emt 00:01:30]} Qxg5 {[%clk 00:43:24]} {[%emt
00:02:28]} 36. hxg5 {[%clk 00:27:05]} {[%emt 00:01:59]} Re8 {[%clk 00:43:08]}
{[%emt 00:00:46]} 37. Ne5 {[%clk 00:26:14]} {[%emt 00:01:21]} Rg8 {[%clk
00:35:52]} {[%emt 00:07:45]} 38. Nd7 {[%clk 00:25:17]} {[%emt 00:01:28]} Kc8
{[%clk 00:35:25]} {[%emt 00:00:56]} 39. Nf6 {[%clk 00:24:53]} {[%emt 00:00:55]}
Rg7 {[%clk 00:34:46]} {[%emt 00:01:06]} 40. Rd1 {[%clk 00:22:07]} {[%emt
00:03:18]} Re7 {[%clk 00:33:08]} {[%emt 00:02:06]} 41. Rge1 {[%clk 00:18:32]}
{[%emt 00:04:08]} Ng7 {[%clk 00:25:22]} {[%emt 00:08:10]} 42. Rd7 {[%clk
00:16:26]} {[%emt 00:02:40]} Rxd7 {[%clk 00:25:33]} {[%emt 00:00:18]} 43. exd7
{[%clk 00:16:47]} {[%emt 00:00:12]} Kd8 {[%clk 00:25:54]} {[%emt 00:00:09]} 44.
Re8 {[%clk 00:16:59]} {[%emt 00:00:18]} Nxe8 {[%clk 00:26:08]} {[%emt
00:00:16]} 45. dxe8=Q# {[%emt 00:00:11]} 1-0